00471nam a2200121Ia 4500008004100000020002200041041001200063100004300075245003900118260003800157440005400195650010000249231221s9999 xx 000 0 und d a978-1-4614-2308-9 aEnglish aU.S. Dixit, D.K. Sarma, J. Paulo Davim 0aEnvironmentally Friendly Machining c2012bSpringer New YorkaNew York aSpringerBriefs in Applied Sciences and Technology aManufacturing, Machines, Tools; Machinery and Machine Elements; Industrial Pollution Prevention